| 000 | 00603nam a2200193 i 4500 | ||
|---|---|---|---|
| 001 | 114192 | ||
| 003 | ES-MaACL | ||
| 005 | 20230906190109.0 | ||
| 007 | t| | ||
| 008 | 061121s1970 sp r ||||1| spa d | ||
| 100 | 1 |
_aPalop, Juan José. _988710 |
|
| 245 | 1 | 4 |
_aLos molinos de Torremolinos / _cautor Juan J. Palop ; fotografías: Salas. |
| 260 |
_aMálaga : _b[s. n.], _c1970 ( _fImp. Dardo) |
||
| 300 |
_a66 p. : _bil. ; _c25 cm. |
||
| 650 | 4 |
_aMolinos- _zTorremolinos. _9156858 |
|
| 651 | 4 |
_aTorremolinos- _xDescripción. _9156859 |
|
| 700 | 1 |
_aSalas. _9101718 |
|
| 852 |
_aES-MaACL _jC-41841 _bR.73509 |
||
| 999 |
_c114192 _d114192 |
||